Linguistics, literary analysis, and literary translation /

Bibliographic Details
Main Author: Schogt, Henry G., 1927-
Format: Book
Language:English
Published: Toronto : University of Toronto Press, [1988]
Subjects:

MARC

Tag First Indicator Second Indicator Subfields
LEADER 00000cam a2200000 a 4500
001 in00000018097
005 20151007053143.0
008 870908s1988 onc b 00110 eng d
010 |a cn 87095031  
015 |a C87-95031-2 
020 |a 0802026494 :  |c $30.00 
035 |a (OCoLC)16872486 
035 |9 AAB0581AM 
040 |a CaOTU  |b eng  |c NLC  |d TXA  |d UtOrBLW 
049 |a TXAM  |c [A11488284] 
050 4 |a P306.2  |b .S36 1988 
055 0 0 |a P306 .2  |b S36 1988 
082 0 |a 418/.02  |2 19 
100 1 |a Schogt, Henry G.,  |d 1927- 
245 1 0 |a Linguistics, literary analysis, and literary translation /  |c Henry G. Schogt. 
264 1 |a Toronto :  |b University of Toronto Press,  |c [1988] 
264 4 |c ©1988 
300 |a xi, 177 pages ;  |c 24 cm. 
336 |a text  |b txt  |2 rdacontent 
337 |a unmediated  |b n  |2 rdamedia 
338 |a volume  |b nc  |2 rdacarrier 
504 |a Bibliography: pages [155]-167. 
500 |a Includes indexes. 
650 0 |a Translating and interpreting. 
650 0 |a Linguistics. 
650 0 |a Literature  |x History and criticism. 
999 |a MARS 
999 f f |s 70b9fbe9-87b7-3df7-b3d5-879a56ac0152  |i 78af8ead-9bb1-3be1-8b41-ca2e5e8aabb2  |t 0 
952 f f |p ric  |a Texas A&M University  |b Rellis Campus  |c Joint Library Facility  |s JLF  |d Remote Storage  |t 0  |e P306.2 .S36 1988  |h Library of Congress classification  |i unmediated -- volume  |m A14811488284 
998 f f |a P306.2 .S36 1988  |t 0  |l Remote Storage